[Event "BL 2018-19"]
[Site "Berlin"]
[Date "2019.04.06"]
[Round "14.16"]
[White "Bromann, Thorbjorn"]
[Black "Seyb, Alexander"]
[Result "1-0"]
[WhiteElo "2396"]
[BlackElo "2416"]
[Annotator "TA"]
[PlyCount "117"]
[EventDate "2018.11.10"]
[EventType "team-tourn"]
[EventCountry "GER"]
[SourceTitle "playchess.com"]
[Source "ChessBase"]
[SourceQuality "1"]
[WhiteTeam "Kiel"]
[BlackTeam "SF Berlin"]

{[%evp 12,117,34,22,50,20,18,14,31,23,24,-12,50,56,48,51,41,-24,-41,-28,-43,-56,-55,-51,-43,-83,-60,-45,-16,-21,-12,-43,-6,-10,-8,-12,-5,-11,-20,-74,-41,-106,-105,-108,-102,-123,-117,-114,-132,-145,-145,-321,-245,-243,-178,-236,-96,-96,-91,-116,-73,-101,0,-98,0,-82,-73,-149,-120,-195,-164,-202,-85,-111,0,-202,-202,-253,-209,-108,0,0,0,0,0,0,0,0,0,0,0,0,967,910,1063,978,944,877,29980,29978,29982,29983,29983,29984,29984,29985,29985,29986]} 1. d4 Nf6 2. Bg5 Ne4 3. Bf4 c5 4. f3 Qa5+ 5. c3 Nf6 6. d5 e6 7. e4 d6 {A45: Trompowsky Attack} 8. Qd2 exd5 9. exd5 Be7 {The position is equal.} (9... Nbd7 10. c4 Qxd2+ 11. Kxd2 b5 12. Na3 a6 13. b3 b4 14. Nc2 a5 15. Bd3 Be7 16. a3 {1-0 (48) Yu,Y (2721)-Zhou,J (2635) Shenzhen 2016}) 10. c4 Qxd2+ 11. Bxd2 (11. Nxd2 {is more complex.} O-O 12. O-O-O Nh5 13. Be3 f5 14. Re1) 11... Bf5 $146 (11... b5 $11) ({Predecessor:} 11... O-O 12. Bd3 b5 13. cxb5 Bb7 14. Nc3 Nbd7 15. b3 Nxd5 16. Nxd5 Bxd5 {1-0 (77) Cheng,B (2485)-Timmermans,M (2423) Amsterdam 2017}) 12. Nc3 $14 h5 13. Nge2 Nbd7 {[%cal Bb8d7,Bd7e5,Be5g4][%mdl 32]} 14. Nc1 (14. Ng3 $14 Bg6 15. h4) 14... Ne5 $11 15. f4 Neg4 16. Bd3 Nh6 $1 17. O-O Kd7 18. a4 {[%cal Ba2a4,Ba4a5,Ba5a6][%mdl 32]} Rhe8 19. a5 Bf8 20. a6 b6 21. Re1 Rxe1+ 22. Bxe1 Ne8 23. Nb5 Nc7 24. Nxc7 Kxc7 25. Bf1 (25. Bxf5 $11 {remains equal.} Nxf5 26. Bc3) 25... Ng4 26. Ra3 (26. Bd2 $15) 26... Re8 $17 27. Bd2 g6 28. h3 Nf6 29. b4 Ne4 30. Be1 Bg7 31. Nd3 $2 (31. Ne2 $17) 31... Bd4+ 32. Kh2 f6 33. b5 {[#]} (33. Ra2 {was necessary.}) 33... g5 (33... h4 $1 $19 {[%mdl 512]} 34. Rb3 (34. Bxh4 Nd2) 34... Ng3 $1 {[%mdl 512]} 35. Bxg3 hxg3+ 36. Kxg3 Bg1) 34. g3 Kd7 35. Kg2 Re7 36. Kh2 Re8 37. Kg2 $1 Kc7 38. Kh2 $1 Be3 39. fxg5 (39. Ra2 $142) 39... fxg5 40. Be2 (40. Kg2 $17 {might work better.}) 40... Nf6 $19 {And now ...Bd4 would win.} 41. Bf1 Kd7 (41... Bd4 $19 {and Black stays clearly on top.} 42. Bd2 Ne4) 42. Ra2 {[#]} h4 $1 {[%mdl 512]} 43. Bf2 $2 (43. gxh4 $11 {and White is okay.} Bxd3 44. Bxd3) 43... hxg3+ 44. Bxg3 Rh8 {( -> ...Ng4+)} 45. Nf2 {[#]} (45. Be1 $19) 45... Bxf2 (45... Bd4 $1 $17 46. Rd2 Kc7) 46. Bxf2 $11 Bxh3 47. Bxh3+ g4 48. Ra3 Ne4 49. Be1 Ng5 {[%cal Rh8h3][%mdl 64] Pin} 50. Bd2 Ne4 51. Be1 Ke7 $2 {[%mdl 8192]} (51... Ng5 $11) 52. Re3 $18 Rxh3+ 53. Rxh3 gxh3 {[%mdl 4096] Endgame [#] KB-KN} 54. Ba5 $1 {[%mdl 512]} Kd7 {[#]} (54... bxa5 55. b6) 55. Bxb6 $1 {[%mdl 512] White mates.} Nd2 (55... axb6 56. a7) 56. Bxa7 Nxc4 57. b6 Nxb6 58. Bxb6 Kc8 59. Kxh3 {Accuracy: White = 47%, Black = 41%.} 1-0

[Event "BL 2018-19"]
[Site "Berlin"]
[Date "2019.04.06"]
[Round "14.16"]
[White "Agrest, Inna"]
[Black "Kollars, Dmitrij"]
[Result "1/2-1/2"]
[WhiteElo "2274"]
[BlackElo "2542"]
[Annotator "TA"]
[PlyCount "95"]
[EventDate "2018.11.10"]
[EventType "team-tourn"]
[EventCountry "GER"]
[SourceTitle "playchess.com"]
[Source "ChessBase"]
[SourceQuality "1"]
[WhiteTeam "Duesseldorf"]
[BlackTeam "SF Deizisau"]

{[%evp 14,95,30,22,31,17,33,0,6,18,20,0,4,-4,12,-8,-12,-48,0,0,0,0,20,0,27,27,21,32,57,55,431,428,580,197,552,562,562,383,381,382,359,357,372,355,852,523,484,257,172,31,23,4,79,0,0,4,8,9,9,7,65,43,70,42,33,33,40,39,39,30,58,33,33,8,37,43,120,36,55,0,95,0,56,0]} 1. e4 e5 2. Nf3 Nc6 3. Bb5 a6 4. Ba4 Nge7 5. O-O g6 6. c3 Bg7 7. d4 exd4 8. cxd4 b5 {C60: Ruy Lopez: Unusual Black 3rd moves and 3...g6} 9. Bb3 d6 10. h3 O-O {The position is equal.} 11. Nc3 Na5 12. Bc2 c5 13. Re1 (13. dxc5 dxc5 14. Qxd8 Rxd8 {0-1 (65) Vachier Lagrave,M (2789)-Mamedyarov,S (2808) Leuven 2018}) 13... Bb7 14. dxc5 dxc5 15. Be3 $146 ({Predecessor:} 15. Qe2 Nac6 16. Bg5 {½-½ (23) Jansa,V (2480)-Korneev,O (2560) Andorra 1998}) 15... Qc7 (15... Nc4 $15 16. Bxc5 Qc7 17. Bxe7 Nxb2) 16. Qc1 $11 Rfe8 17. Bf4 Qb6 18. Bh6 Bh8 19. Qf4 Rad8 20. Rad1 c4 21. Qh4 $40 {[%mdl 128] White has some attack.} Bf6 $2 {[%mdl 8192]} ({Black should play} 21... Nac6 $14) 22. Bg5 $18 Kg7 23. Qh6+ $2 (23. Rxd8 {Intending Qh6+ and mate.} Rxd8 24. e5 Bxg5 25. Nxg5) 23... Kh8 $2 (23... Kg8 {is more resistant.} 24. Qh4 Bxg5 25. Nxg5 h5) 24. Rxd8 Rxd8 25. e5 Bg7 26. Qh4 $1 Bxf3 27. Bxe7 ({Weaker is} 27. gxf3 Rd4 $16) 27... Rd4 28. Qg5 {Bf6 is the strong threat.} Ba8 $2 {[#]} (28... Qe6 29. gxf3 Nc6) 29. e6 $1 {[%mdl 512]} fxe6 {and the idea ...Rd7 leaves Black hopeful.} 30. Bc5 (30. Bf6 $142 {Hoping for Bxg6.} Rd7 31. Bxg6 $1 {[%mdl 512]} hxg6 32. Qxg6 Bxf6 33. Qxf6+ Rg7 34. Rxe6) 30... Qd8 31. Qxd8+ ({Don't go for} 31. Rxe6 $2 Qxg5 32. Re8+ Bf8 $1 $19 {[%mdl 512]}) (31. Qe3 $1 $18) 31... Rxd8 $14 32. Bb6 Rd2 (32... Bxc3 $1 $11 33. bxc3 Rd2) 33. Rxe6 (33. Bxa5 $16 Rxc2 34. Rxe6) 33... Bxc3 $1 $11 34. bxc3 Rxc2 {[%mdl 64] Double Attack} 35. Bd4+ {[%mdl 64] Discovered Attack} Kg8 36. Rxa6 {[%mdl 64] Double Attack} Rxa2 (36... Nc6 $11 37. Rxa8+ Kf7) 37. Rxa8+ {[%mdl 4096] Endgame KRB-KRN} Kf7 38. Kh2 {aiming for Bb6.} Ra4 $1 39. Ra7+ Ke6 {And now ...Nc6 would win.} 40. Rxh7 Nc6 41. Be3 Ra3 42. Rb7 Rb3 43. g4 b4 44. cxb4 Nxb4 {[#]} ({Black should try} 44... Rxb4 $14 45. Rg7 Ne5) 45. Rb6+ (45. Rg7 $1 $16) 45... Kf7 46. Rb7+ Ke6 $1 47. Rb6+ Kf7 48. Rb7+ {Accuracy: White = 31%, Black = 31%.} (48. Bg5 $14) 1/2-1/2

[Event "BL 2018-19"]
[Site "Berlin"]
[Date "2019.04.07"]
[Round "15"]
[White "Howell, David W L"]
[Black "McShane, Luke J"]
[Result "1-0"]
[WhiteElo "2693"]
[BlackElo "2667"]
[Annotator "TA"]
[PlyCount "78"]
[EventDate "2018.11.10"]
[EventType "team-tourn"]
[EventCountry "GER"]
[SourceTitle "playchess.com"]
[Source "ChessBase"]
[SourceQuality "1"]
[WhiteTeam "Hockenheim"]
[BlackTeam "Werder Bremen"]

{[%evp 18,78,9,15,15,10,15,2,0,18,16,13,8,6,11,4,14,5,4,7,12,10,21,34,25,27,31,12,54,37,37,35,34,35,41,30,30,30,29,31,36,37,37,33,37,35,74,74,74,74,70,60,77,75,114,113,114,114,113,127,94,62,56]} 1. e4 e5 2. Nf3 Nc6 3. Bb5 Nf6 4. O-O Nxe4 5. Re1 Nd6 6. Nxe5 Be7 7. Bf1 Nxe5 8. Rxe5 O-O 9. d4 Bf6 10. Re1 Re8 {C67: Ruy Lopez: Berlin Defence: 4 0-0 Nxe4} 11. Rxe8+ Nxe8 12. d5 d6 {The position is equal.} 13. Nd2 c6 14. Nc4 cxd5 15. Qxd5 Qc7 16. Qd3 Be6 17. Ne3 Rd8 {[#]} 18. c4 $146 ({Predecessor:} 18. c3) 18... Qc5 19. Rb1 {[%cal Ba1b1,Bb1b5,Bb5d5][%mdl 32]} b5 {[#] Hoping for ...bxc4.} 20. b3 bxc4 21. bxc4 g6 22. Rb5 Qc6 23. Nd5 Bxd5 24. Qxd5 Qxd5 25. Rxd5 Nc7 26. Rd1 d5 27. cxd5 Nxd5 28. Bc4 Nc3 29. Rxd8+ Bxd8 $14 {[%mdl 4096] Endgame KBB-KBN} 30. f3 Bb6+ 31. Kf1 Bc5 32. Bh6 Bd4 33. Ke1 Na4 34. Kd2 Be5 35. g3 Bg7 36. Be3 Nb6 37. Bb3 Bf8 38. Kc3 Ba3 39. Bh6 Bc5 {Accuracy: White = 77%, Black = 71%.} 1-0

[Event "BL 2018-19"]
[Site "Berlin"]
[Date "2019.04.07"]
[Round "15"]
[White "Areshchenko, Alexander"]
[Black "Moiseenko, Alexander"]
[Result "1-0"]
[WhiteElo "2652"]
[BlackElo "2648"]
[Annotator "TA"]
[PlyCount "82"]
[EventDate "2018.11.10"]
[EventType "team-tourn"]
[EventCountry "GER"]
[SourceTitle "playchess.com"]
[Source "ChessBase"]
[SourceQuality "1"]
[WhiteTeam "Werder Bremen"]
[BlackTeam "Hockenheim"]

{[%evp 18,82,28,27,28,21,26,20,29,22,34,28,33,23,42,31,49,44,46,47,41,48,58,54,50,48,47,57,56,52,52,53,63,60,79,82,82,88,110,97,129,113,122,119,125,122,136,135,273,264,256,0,137,123,137,135,156,140,159,160,196,192,197,136,181,162,172]} 1. e4 c5 2. Nf3 Nc6 3. Bb5 d6 4. O-O Bd7 5. Re1 Nf6 6. c3 a6 7. Ba4 b5 8. Bc2 Bg4 9. h3 Bxf3 10. Qxf3 g6 {B51: Sicilian: Moscow Variation (3 Bb5+) without 3...Bd7} 11. d3 (11. a4 Rb8 12. axb5 axb5 13. Qd1 Bh6 14. Na3 O-O 15. Bd3 c4 16. Bf1 Na5 17. d3 Bxc1 18. Rxc1 cxd3 19. Qxd3 {½-½ (25) Andriasian,Z (2612)-Moiseenko,A (2695) Jerusalem 2015}) 11... Bg7 12. Be3 Nd7 {The position is equal.} 13. Nd2 O-O 14. Rac1 Nb6 15. Qe2 a5 $146 ({Predecessor:} 15... e6 16. Nf3 Rc8 17. Bb1 Qe7 18. a3 {½-½ (30) Mihai,E (2145)-Hoffmann,F (2299) ICCF email 2013}) 16. Nf3 a4 17. d4 cxd4 18. Nxd4 Nxd4 19. Bxd4 Nc4 20. Bxg7 Kxg7 21. b3 Na3 22. Bd3 axb3 23. axb3 Qb6 24. Qb2 {Strongly threatening Ra1.} f6 25. Ra1 b4 26. c4 $1 Qc5 27. Rac1 Ra5 28. Bf1 Rb8 29. Re3 Qe5 30. Qe2 Rc5 {With the idea ...Nb5!} 31. Rd1 Rbc8 32. g3 Rb8 (32... Qh5 $16 {might work better.}) 33. Rd5 $1 $18 {[%cal Rd5e5]} Qa1 {[#]} 34. Rd1 (34. e5 $1 $18 {[%cal Re5d6][%mdl 512]} Rxd5 (34... dxe5 35. Rxc5) 35. exf6+ Qxf6 36. Rxe7+ (36. cxd5 Rb7 $18) 36... Kg8 37. cxd5) 34... Qe5 $16 35. Kh2 Qh5 36. Qd2 {White is clearly better.} Rc7 37. Rd3 Qa5 38. h4 Qb6 39. Rd5 Rc5 {[#]} 40. Rd4 (40. h5 $1 $18 {[%mdl 512]}) 40... Rb7 41. Bh3 Re5 {Accuracy: White = 82%, Black = 33%.} 1-0

[Event "BL 2018-19"]
[Site "Berlin"]
[Date "2019.04.07"]
[Round "15"]
[White "Anton Guijarro, David"]
[Black "Beerdsen, Thomas"]
[Result "1/2-1/2"]
[WhiteElo "2649"]
[BlackElo "2474"]
[Annotator "TA"]
[PlyCount "60"]
[EventDate "2018.11.10"]
[EventType "team-tourn"]
[EventCountry "GER"]
[SourceTitle "playchess.com"]
[Source "ChessBase"]
[SourceQuality "1"]
[WhiteTeam "Viernheim"]
[BlackTeam "Muelheim"]

{[%evp 26,60,24,13,21,14,14,-41,-47,-55,-58,-68,-73,-81,-53,-50,-39,-25,-12,-17,-12,-12,-12,-12,-12,-13,-12,-14,-15,-13,-13,-15,-17,-17,-17,-17,0]} 1. Nf3 c5 2. c4 Nf6 3. Nc3 Nc6 4. e3 g6 5. d4 cxd4 6. exd4 d5 7. cxd5 Nxd5 8. Qb3 e6 9. Bb5 Bg7 10. O-O {A35: Symmetrical English: 2 Nc3 Nc6 3 Nf3} O-O 11. Bxc6 bxc6 12. Na4 Qd6 13. Re1 Rb8 14. Qc2 {LiveBook: 11 Games} Nb4 15. Qc3 {[#]} e5 $146 ({Predecessor:} 15... Nd5) 16. Nxe5 (16. dxe5 $11 Qd3 17. Nd4) 16... Bf5 $1 $15 17. Nc4 Qxd4 18. Qxd4 Bxd4 19. Be3 Rfd8 {Threatens to win with ...Nc2.} 20. Red1 Nc2 21. Rac1 Bg4 (21... Rb4 {feels hotter.} 22. b3 Rxc4 23. bxc4 Nxe3 24. fxe3 Bxe3+ 25. Kh1 Rb8) 22. Rd2 {The position is equal.} Nxe3 23. Nxe3 Bxe3 24. Rxd8+ Rxd8 25. fxe3 $11 {[%mdl 4096] Endgame KRB-KRN} Rd2 26. Rxc6 Be6 27. e4 Bxa2 28. Ra6 Bb1 29. Nc3 Rxb2 30. Rxa7 Rc2 {Precision: White = 68%, Black = 59%.} 1/2-1/2

[Event "BL 2018-19"]
[Site "Berlin"]
[Date "2019.04.07"]
[Round "15"]
[White "Kovalenko, Igor"]
[Black "Dinstuhl, Volkmar"]
[Result "1/2-1/2"]
[WhiteElo "2644"]
[BlackElo "2375"]
[Annotator "TA"]
[PlyCount "89"]
[EventDate "2018.11.10"]
[EventType "team-tourn"]
[EventCountry "GER"]
[SourceTitle "playchess.com"]
[Source "ChessBase"]
[SourceQuality "1"]
[WhiteTeam "Viernheim"]
[BlackTeam "Muelheim"]

{[%evp 23,89,34,50,38,28,35,36,30,33,11,10,10,14,0,0,0,0,0,0,0,0,0,0,0,0,-7,0,0,0,-8,0,0,0,-4,0,0,34,35,30,35,56,67,63,0,0,0,0,0,5,5,5,5,5,0,0,0,0,0,0,0,0,0,0,0,0,0,8,0]} 1. e4 c5 2. Nf3 d6 3. d4 cxd4 4. Nxd4 Nf6 5. Nc3 a6 6. g3 e5 7. Nb3 Nbd7 8. a4 b6 9. Bg2 Bb7 10. O-O Be7 11. Re1 O-O 12. Nd2 Rc8 13. Qe2 {[#] B91: Sicilian Najdorf: 6 g3} Qc7 $146 ({Predecessor:} 13... Nc5 14. Nc4 Ncxe4 15. Nxe4 Bxe4 16. Bxe4 Nxe4 17. Qxe4 d5 18. Qxe5 Bf6 19. Qf5 Rxc4 20. c3 d4 21. cxd4 Bxd4 {0-1 (43) Makarov,M (2530)-Smirin,I (2670) Moscow 2004}) 14. Nf1 Rfe8 15. Ne3 {White is slightly better.} g6 16. Bd2 Nc5 {[%cal Rc5e4,Bd7c5,Bc5e6,Be6d4][%mdl 32]} 17. Ng4 Ne6 18. Be3 Nd4 19. Nxf6+ Bxf6 20. Qd1 Bg7 21. Rc1 b5 22. axb5 axb5 23. Qd3 b4 24. Nb5 Qb6 25. Nxd4 exd4 26. Bd2 Ba6 27. Qb3 Rb8 28. Ra1 Rec8 29. Bh3 Bc4 (29... Rc5 {is more complex.} 30. Bf1 Bxf1 31. Rxf1 h5 32. Ra4 Qc6) 30. Qxb4 Qxb4 31. Bxb4 Be6 32. Bxe6 fxe6 33. Bxd6 ({White should try} 33. c3 $1 $14) 33... Rxb2 $11 {The position is equal.} 34. e5 g5 35. Reb1 Rcxc2 36. Rxb2 Rxb2 {[%mdl 4096] Endgame KRB-KRB} 37. Rd1 Rb5 38. f4 gxf4 39. gxf4 Kf7 40. Rxd4 Kg6 41. Bb4 Kf5 42. Kg2 Bh6 43. Kf3 Rb7 44. h3 Ra7 45. Bd2 {Accuracy: White = 67%, Black = 80%.} 1/2-1/2

[Event "BL 2018-19"]
[Site "Berlin"]
[Date "2019.04.07"]
[Round "15"]
[White "Edouard, Romain"]
[Black "Baramidze, David"]
[Result "1/2-1/2"]
[WhiteElo "2636"]
[BlackElo "2614"]
[Annotator "TA"]
[PlyCount "81"]
[EventDate "2018.11.10"]
[EventType "team-tourn"]
[EventCountry "GER"]
[SourceTitle "playchess.com"]
[Source "ChessBase"]
[SourceQuality "1"]
[WhiteTeam "Werder Bremen"]
[BlackTeam "Hockenheim"]

{[%evp 18,81,13,0,9,26,27,0,43,50,52,50,44,47,47,8,20,0,0,0,0,-61,-51,-58,-50,-63,-52,-136,-128,-120,-9,-9,-9,-9,-9,-8,-8,-194,-193,-170,-162,-156,0,0,0,-149,0,0,0,-267,0,0,0,0,0,0,0,0,0,0,0,0,0,0,0,0]} 1. c4 c5 2. Nf3 Nc6 3. d4 cxd4 4. Nxd4 Nf6 5. Nc3 e6 6. e4 Bb4 7. Nxc6 bxc6 8. Bd3 e5 9. O-O O-O 10. Qe2 {LiveBook: 9 Games. B44: Sicilian: Taimanov: 5 Nb5} Qe7 $146 ({Predecessor:} 10... Bxc3 11. bxc3 d6 12. c5 dxc5 13. f3 Be6 14. Be3 Qe7 15. a4 Rfb8 16. Rfb1 Nd7 17. a5 Qd8 {½-½ (44) Carlsen,M (2835)-Anand,V (2773) St Petersburg 2018}) 11. Na4 d5 12. Bg5 {White has an edge.} dxe4 13. Bxe4 h6 14. Bxf6 ({Much weaker is} 14. Bxc6 hxg5 15. Bxa8 Bd7 $17) 14... Qxf6 15. c5 Rd8 16. Rfd1 Bf5 $1 17. g3 Bxe4 18. Qxe4 Rd2 19. f4 (19. Rxd2 $11 Bxd2 20. Rd1) 19... Rad8 $15 20. Rxd2 Bxd2 21. Qxe5 Qg6 {Threatens to win with ...Qd3.} 22. Nc3 ({Better is} 22. Rf1 $15) 22... Qc2 $1 $17 23. Ne2 Rd3 (23... Rd5 $17 24. Qe8+ Kh7) 24. Nd4 $132 {[%mdl 2048] White is fighting back} Qxb2 25. Nxc6 Be3+ (25... Bc3 $5 26. Qe8+ $8 Kh7 27. Qe4+ g6 28. Qxd3 Qxa1+ 29. Kg2 Qxa2+ 30. Kh3 Bf6 $11) 26. Kh1 Qe2 {[%cal Re2f3]} 27. Ne7+ $2 ({Of course not} 27. Qe8+ Kh7 $17) (27. Qe4 $1 $11) 27... Kf8 $19 {[%cal Re2f3]} 28. Qb8+ Kxe7 {[%cal Re2f3]} 29. Qe5+ Kf8 {[%cal Re2f3]} 30. Qb8+ Ke7 {[%cal Re2f3]} 31. Qe5+ Kd8 (31... Kd7 $17 {[%cal Re2f3]} 32. c6+ Kc8 33. Qf5+ Kc7 34. Qxf7+ Kd6 35. Qd7+ Kc5 36. Qe7+ Rd6 37. Qe5+ Kb6 38. Rb1+ Ka6) 32. Qb8+ $11 Kd7 {[%cal Re2f3] [#]} 33. Qb7+ $2 {[%mdl 8192] [#]} (33. c6+ $1 $11 {[%mdl 512]} Kxc6 34. Qc8+ Kd5 35. Qb7+ Ke6 36. Qe4+ Kd7 37. Qb7+ Kd6 38. Qb8+ Kd7 39. Qb5+ Kd8 40. Qb8+ Kd7 41. Qb5+ Kd6 42. Qe5+ Kd7 43. Qb5+) 33... Ke6 $2 (33... Ke8 $1 $19 34. Qe4+ Kd8 35. Qa8+ Kc7 36. Qxa7+ Kc6 37. Qb6+ Kd5 38. Qb7+ Kc4 39. Qe4+ Kc3 40. Rc1+ Kb2) 34. Qe4+ {The position is equal.} Kf6 (34... Kd7 $5 35. c6+ $8 Kc8 36. Qf5+ Kc7 37. Qxf7+ Kd6 38. Qg6+ Kc5 $17) 35. Qe5+ Kg6 {[%cal Re2f3]} 36. Qe4+ f5 (36... Kh5 $5 37. Qf5+ $8 g5 38. Qxf7+ Kg4 39. Qe6+ Kh5 40. Qe8+ Kg4 41. Qe6+ Kh5 42. Qe8+ Kg4 43. Qe6+ $11) 37. Qe6+ Kh7 {[%cal Re2f3]} 38. Qxf5+ Kg8 {[%cal Re2f3]} 39. Qe6+ Kf8 {[%cal Re2f3]} 40. Qf5+ $1 Ke8 {[%cal Re2f3]} 41. Qe5+ {Precision: White = 51%, Black = 57%.} 1/2-1/2

[Event "BL 2018-19"]
[Site "Berlin"]
[Date "2019.04.07"]
[Round "15"]
[White "Banusz, Tamas"]
[Black "Zumsande, Martin"]
[Result "*"]
[WhiteElo "2606"]
[BlackElo "2492"]
[Annotator "TA"]
[PlyCount "82"]
[EventDate "2018.11.10"]
[EventType "team-tourn"]
[EventCountry "GER"]
[SourceTitle "playchess.com"]
[Source "ChessBase"]
[SourceQuality "1"]
[WhiteTeam "Hockenheim"]
[BlackTeam "Werder Bremen"]

{[%evp 21,82,12,21,16,25,0,10,0,0,0,-5,-9,-6,-12,-10,-31,-26,-24,-24,-26,-10,-8,-18,-47,-6,-6,-6,-6,-6,-6,-6,-8,-5,-8,0,0,0,0,138,117,138,144,160,151,166,68,75,71,110,104,98,101,104,83,102,41,69,45,41,39,40,50,43]} 1. Nf3 d5 2. g3 Nf6 3. Bg2 e6 4. O-O Be7 5. c4 O-O 6. b3 b6 7. Bb2 Bb7 8. cxd5 exd5 9. d4 Nbd7 10. Nc3 {[%cal Bb1c3,Bc3e2,Be2f4][%mdl 32]} Re8 11. Rc1 a6 12. e3 {E17: Queen's Indian: 4 g3 Bb7 5 Bg2 Be7} Bd6 13. Ne2 Ne4 14. Nf4 {The position is equal.} a5 {[#]} 15. a4 $146 ({Predecessor:} 15. Qc2 c6 16. Nd3 Rc8 17. Rfd1 f6 {1-0 (54) Chigaev,M (2520)-Bazeev,G (2347) St Petersburg 2014}) 15... Qe7 16. Re1 Rad8 17. Re2 Nb8 18. Nd3 Na6 19. Nh4 Bc8 20. Rec2 c5 21. Qh5 Qe6 22. Rd1 c4 (22... g6 $5 23. Qe2 $8 f6 $11) 23. bxc4 dxc4 24. Ne5 Bxe5 25. Bxe4 g6 26. Qf3 Bg7 {Strongly threatening ...Nb4.} 27. Bc6 Bd7 28. Bxd7 Rxd7 29. Ng2 $36 {[%mdl 2048] Threatens to win with Nf4. White has some pressure.} Nb4 (29... f5 $11) 30. Nf4 $16 Qf5 31. Rxc4 g5 {[#]} 32. Qh5 $1 h6 {[#]} 33. Qh3 ({White should play} 33. h4 $1 $18) 33... Qxh3 $14 34. Nxh3 Bf8 35. Ba3 b5 36. axb5 Rb7 37. Kg2 Rxb5 38. Bxb4 ({White should try} 38. Ra1 $16) 38... axb4 {White is slightly better.} 39. Rb1 b3 40. Rc3 b2 41. Rc2 Ba3 {Accuracy: White = 52%, Black = 72%.} *

[Event "BL 2018-19"]
[Site "Berlin"]
[Date "2019.04.07"]
[Round "15"]
[White "Braun, Arik"]
[Black "Efimenko, Zahar"]
[Result "1/2-1/2"]
[WhiteElo "2605"]
[BlackElo "2635"]
[Annotator "RC"]
[PlyCount "55"]
[EventDate "2018.11.10"]
[EventType "team-tourn"]
[EventCountry "GER"]
[SourceTitle "playchess.com"]
[Source "ChessBase"]
[SourceQuality "1"]
[WhiteTeam "Hockenheim"]
[BlackTeam "Werder Bremen"]
[TimeControl "40/6000+30:3000+30"]

1. d4 {[%emt 0:01:30]} Nf6 {[%emt 0:00:30]} 2. c4 {[%emt 0:00:00]} e6 {[%emt 0:00:30]} 3. Nc3 {[%emt 0:00:00]} Bb4 {[%emt 0:00:30]} 4. Qc2 {[%emt 0:00:00]} d6 {[%emt 0:00:30]} 5. Nf3 {[%emt 0:01:00]} O-O {[%emt 0:00:30]} 6. Bd2 {[%emt 0:00:30]} Nbd7 {[%emt 0:01:30]} 7. a3 {[%emt 0:01:30]} Bxc3 {[%emt 0:00:30]} 8. Bxc3 {[%emt 0:00:00]} c5 {[%emt 0:00:00]} 9. Rd1 {[%emt 0:12:00]} cxd4 {[%emt 0:05:00]} 10. Nxd4 {[%emt 0:02:30]} Nc5 {[%emt 0:01:30]} 11. Nb5 {[%emt 0:04:30]} Bd7 {[%emt 0:00:30]} 12. Rxd6 {[%emt 0:13:30]} a6 {[%emt 0:01:30]} 13. Bxf6 {[%emt 0:03:30]} Qxf6 {[%emt 0:00:30]} 14. Nc3 {[%emt 0:00:30]} Rad8 {[%emt 0:07:30]} 15. e3 {[%emt 0:16:30]} Bc6 {[%emt 0:13:30]} 16. Nd5 {[%emt 0:13:30]} Bxd5 {[%emt 0:16:30]} 17. Rxd8 {[%emt 0:00:30]} Rxd8 {[%emt 0:01:30]} 18. cxd5 {[%emt 0:00:00]} Rxd5 {[%emt 0:00:30]} 19. Bc4 {[%emt 0:03:00]} Rd8 {[%emt 0:01:30]} 20. O-O {[%emt 0:01:30]} g6 {[%emt 0:02:30]} 21. Be2 {[%emt 0:02:30]} Qf5 {[%emt 0:09:30]} 22. Rc1 {[%emt 0:01:30]} Qxc2 {[%emt 0:08:30]} 23. Rxc2 {[%emt 0:00:30]} Ne4 {[%emt 0:04:30]} 24. Bf3 {[%emt 0:06:30]} Rd7 {[%emt 0:01:30]} 25. h4 {[%emt 0:01:30]} Nd6 {[%emt 0:01:30]} 26. Rd2 {[%emt 0:01:30]} Rd8 {[%emt 0:03:30]} 27. Rc2 {[%emt 0:00:30]} Rd7 {[%emt 0:00:30]} 28. Rd2 {[%emt 0:00:30]} 1/2-1/2